Sports Quiz

Random Sports or NCAA Quiz

NCAA Helmets Quiz Stats

 Plays Quiz Updated Aug 25, 2015

Score 0/24 Timer 05:00
1 Play Today
Height Building % Correct
Oregon Ducks
98.8%
Texas Longhorns
96.8%
Georgia Bulldogs
96.7%
Virginia Tech Hokies
95.9%
Michigan State Spartans
95.3%
Clemson Tigers
95.3%
Rutgers Scarlet Knights
94.6%
Auburn Tigers
94.3%
Nebraska Cornhuskers
93.8%
Colorado Buffaloes
93.5%
Syracuse Orange
92.9%
Arkansas Razorbacks
91.5%
Height Building % Correct
Iowa Hawkeyes
90.1%
Brigham Young Cougars
89.8%
Florida State Seminoles
89.7%
Hawai'i Warriors
87.4%
Arizona State Sun Devils
86.4%
Vanderbilt Commodores
86.4%
Marshall Thundering Herd
85.1%
Tulane Green Wave
73.7%
Air Force Falcons
64.7%
Arkansas State Red Wolves
62.7%
New Mexico Lobos
57.2%
Buffalo Bulls
57.1%

You're not logged in!

Compare scores with friends on all Sporcle quizzes.
OR
Log In

Show Comments

Extras

Top Quizzes Today


Score Distribution

Your Account Isn't Verified!

In order to create a playlist on Sporcle, you need to verify the email address you used during registration. Go to your Sporcle Settings to finish the process.

Report this User

Report this user for behavior that violates our Community Guidelines.

Details: